[Event "SVK-chT3B2 2122"]
[Site "Slovakia"]
[Date "2022.03.13"]
[Round "6.4"]
[White "Mazur, Mario1111"]
[Black "Alexy, Peter"]
[Result "1/2-1/2"]
[WhiteElo "1609"]
[BlackElo "1898"]
[PlyCount "111"]
[EventDate "2021.10.24"]
[EventType "team-tourn"]
[EventRounds "11"]
[EventCountry "SVK"]
[SourceTitle "EXT 2024"]
[Source "ChessBase"]
[SourceDate "2023.10.10"]
[SourceVersion "1"]
[SourceVersionDate "2023.10.10"]
[SourceQuality "1"]
[WhiteTeam "Belusa II"]
[BlackTeam "Chynorany"]
[WhiteTeamCountry "SVK"]
[BlackTeamCountry "SVK"]

1. d4 Nf6 2. c4 g6 3. Nc3 Bg7 4. e4 d6 5. Nf3 0-0 6. Be2 e5 7. dxe5 dxe5 8. 0-0 Nbd7 9. Bg5 h6 10. Bh4 c6 11. Qc2 Qc7 12. a4 a5 13. Rab1 Nc5 14. Bg3 Nh5 15. Ne1 Nxg3 16. hxg3 f5 17. Bf3 Be6 18. b3 Rad8 19. Qe2 Qf7 20. Qb2 Na6 21. Nc2 Rd2 22. Rbd1 Rfd8 23. Qc1 R2d3 24. Rxd3 Rxd3 25. Ne1 Rd6 26. Qe3 Qc7 27. Nd3 Rd4 28. Ne2 Rd7 29. Nc3 Rf7 30. Nc5 Nxc5 31. Qxc5 Bf8 32. Qe3 f4 33. gxf4 exf4 34. Qc1 Qe5 35. Rd1 Bd6 36. Ne2 g5 37. Bh5 Rg7 38. Qc3 Qxc3 39. Nxc3 Be5 40. Rd3 g4 41. f3 g3 42. Ne2 Rd7 43. Rxd7 Bxd7 44. Bg4 Bxg4 45. fxg4 Kg7 46. Kf1 Kf6 47. Ng1 Ke6 48. Ke2 Kd6 49. Kd3 Kc5 50. Nf3 Kd6 51. c5+ Ke6 52. Kc4 Bb2 53. b4 Bf6 54. b5 Bb2 55. bxc6 bxc6 56. Kd3 1/2-1/2

[Event "SVK-chT3B2 1819"]
[Site "Slovakia"]
[Date "2019.02.10"]
[Round "7.3"]
[White "Alexy, Peter"]
[Black "Rucek, Kristian"]
[Result "1/2-1/2"]
[WhiteElo "1933"]
[BlackElo "1737"]
[PlyCount "59"]
[EventDate "2018.10.21"]
[EventType "team-tourn"]
[EventRounds "11"]
[EventCountry "SVK"]
[SourceTitle "CBM 189 Extra"]
[Source "ChessBase"]
[SourceDate "2019.06.03"]
[SourceVersion "1"]
[SourceVersionDate "2019.06.03"]
[SourceQuality "1"]
[WhiteTeam "Chynorany"]
[BlackTeam "Belusa"]
[WhiteTeamCountry "SVK"]
[BlackTeamCountry "SVK"]

1. e4 d5 2. exd5 Qxd5 3. c4 Qd8 4. d4 Nf6 5. Nc3 g6 6. Nf3 Bg7 7. Be2 Bf5 8. Nh4 Bd7 9. Be3 c6 10. 0-0 Na6 11. d5 0-0 12. Qb3 b6 13. Qa3 Nc7 14. Bf3 cxd5 15. Rfd1 e6 16. Bf4 Bc6 17. Bd6 Nfe8 18. Be7 Qd7 19. cxd5 exd5 20. Rac1 Nf6 21. Bxf8 Bxf8 22. Qb3 g5 23. Qc2 gxh4 24. Ne2 Bc5 25. b4 Ba4 26. Qc3 Be7 27. Qxc7 Qxc7 28. Rxc7 Bd6 29. Rdc1 Bxc7 30. Rxc7 1/2-1/2

[Event "SVK-chT3B2 1819"]
[Site "Slovakia"]
[Date "2019.01.27"]
[Round "6.3"]
[White "Zahorcek, Jakub"]
[Black "Alexy, Peter"]
[Result "1-0"]
[WhiteElo "1563"]
[BlackElo "1933"]
[PlyCount "97"]
[EventDate "2018.10.21"]
[EventType "team-tourn"]
[EventRounds "11"]
[EventCountry "SVK"]
[SourceTitle "CBM 189 Extra"]
[Source "ChessBase"]
[SourceDate "2019.06.03"]
[SourceVersion "1"]
[SourceVersionDate "2019.06.03"]
[SourceQuality "1"]
[WhiteTeam "Povazske Podhradie "]
[BlackTeam "Chynorany"]
[WhiteTeamCountry "SVK"]
[BlackTeamCountry "SVK"]

1. d4 Nf6 2. Nf3 g6 3. Bf4 Bg7 4. e3 d6 5. Bd3 Nh5 6. Bg3 Nc6 7. c3 Nxg3 8. hxg3 Bg4 9. Nbd2 e5 10. Qb3 Rb8 11. d5 Ne7 12. Qa4+ Bd7 13. Qb3 0-0 14. 0-0-0 c6 15. e4 Qa5 16. Nc4 Qc7 17. Ne3 c5 18. Bb5 Bxb5 19. Qxb5 a6 20. Qe2 Qa5 21. Kb1 b5 22. Ng5 h6 23. Nf3 b4 24. c4 f5 25. Nd2 Rb7 26. g4 f4 27. Nef1 g5 28. Nf3 Qc7 29. N3d2 a5 30. f3 a4 31. Qd3 Nc8 32. Rc1 Qa5 33. Rh2 Nb6 34. Rh1 Rfb8 35. Rh2 Na8 36. Rh1 Nc7 37. Rh2 Na6 38. Rh1 b3 39. a3 Nb4 40. axb4 Rxb4 41. Rc3 Ra8 42. Kc1 a3 43. bxa3 Qxa3+ 44. Kd1 Qa1+ 45. Ke2 b2 46. Nb1 Qa2 47. Nfd2 Rba4 48. Rb3 R4a6 49. Qc3 1-0

[Event "SVK-chT3B2 1718"]
[Site "Slovakia"]
[Date "2018.01.07"]
[Round "7.3"]
[White "Rucek, Peter"]
[Black "Alexy, Peter"]
[Result "0-1"]
[WhiteElo "1819"]
[BlackElo "1946"]
[PlyCount "74"]
[EventDate "2017.10.08"]
[EventType "team-tourn"]
[EventRounds "11"]
[EventCountry "SVK"]
[SourceTitle "EXT 2019"]
[Source "ChessBase"]
[SourceDate "2018.10.10"]
[SourceVersion "1"]
[SourceVersionDate "2018.10.10"]
[SourceQuality "1"]
[WhiteTeam "Belusa"]
[BlackTeam "Chynorany"]
[WhiteTeamCountry "SVK"]
[BlackTeamCountry "SVK"]

1. e4 c5 2. Nf3 e6 3. d4 cxd4 4. Nxd4 Nf6 5. Nc3 Nc6 6. Ndb5 Bb4 7. Nd6+ Ke7 8. Nxc8+ Rxc8 9. Bd3 d5 10. 0-0 Bxc3 11. bxc3 dxe4 12. Ba3+ Ke8 13. Bb5 Qa5 14. Bxc6+ Rxc6 15. Bb4 Qe5 16. Qd2 Nd5 17. Rad1 f5 18. Qg5 Kf7 19. Rd4 h6 20. Qd2 Rhc8 21. Rb1 b6 22. c4 Rxc4 23. Rxc4 Rxc4 24. Ba3 Qc3 25. Qxc3 Rxc3 26. Bd6 Rxc2 27. a3 Kf6 28. Bb8 a5 29. Ba7 b5 30. h4 b4 31. axb4 axb4 32. Bd4+ e5 33. Ba7 Rc7 34. Bb8 Rb7 35. Bd6 b3 36. Ba3 Nc3 37. Rb2 Na4 0-1

[Event "SVK-chT3B2 1516"]
[Site "Slovakia"]
[Date "2016.04.03"]
[Round "11.3"]
[White "Kutny, Marian1111"]
[Black "Alexy, Peter"]
[Result "0-1"]
[WhiteElo "1573"]
[BlackElo "1954"]
[PlyCount "68"]
[EventDate "2015.10.11"]
[EventType "team-tourn"]
[EventRounds "11"]
[EventCountry "SVK"]
[SourceTitle "EXT 2018"]
[Source "ChessBase"]
[SourceDate "2017.10.13"]
[SourceVersion "1"]
[SourceVersionDate "2017.10.13"]
[SourceQuality "1"]
[WhiteTeam "Belusa"]
[BlackTeam "Chynorany"]
[WhiteTeamCountry "SVK"]
[BlackTeamCountry "SVK"]

1. e4 c5 2. Nc3 Nc6 3. Nf3 e6 4. Bc4 d6 5. 0-0 Nf6 6. d3 Be7 7. Bf4 Nh5 8. Qd2 Nxf4 9. Qxf4 Bf6 10. Nb5 Ne5 11. c3 a6 12. Na3 b5 13. Bb3 Nxd3 14. Qd2 c4 15. Bc2 Nxb2 16. Rfe1 Nd3 17. Bxd3 cxd3 18. Qxd3 0-0 19. Rad1 Qa5 20. Nb1 Rd8 21. a3 Bb7 22. Qc2 Rac8 23. Re3 d5 24. e5 Be7 25. h3 Rc4 26. Rd4 Bxa3 27. Ng5 g6 28. Qe2 Be7 29. f4 h6 30. Nf3 Bc5 31. Rxc4 dxc4 32. Kh2 Bxe3 33. Qxe3 Bxf3 34. Qxf3 Qa2 0-1

[Event "SVK-chT2B 10/11"]
[Site "Slovakia"]
[Date "2010.12.04"]
[Round "3.2"]
[White "Alexy, Peter"]
[Black "Pindes, Robert"]
[Result "0-1"]
[WhiteElo "1964"]
[BlackElo "2014"]
[PlyCount "61"]
[EventDate "2010.10.23"]
[EventType "team-tourn"]
[EventRounds "11"]
[EventCountry "SVK"]
[SourceTitle "EXT 2019"]
[Source "ChessBase"]
[SourceDate "2018.10.10"]
[SourceVersion "1"]
[SourceVersionDate "2018.10.10"]
[SourceQuality "1"]
[WhiteTeam "Partizanske SK Neomax"]
[BlackTeam "Nitra NSK II"]
[WhiteTeamCountry "SVK"]
[BlackTeamCountry "SVK"]

1. e4 c5 2. Nf3 d6 3. d4 cxd4 4. Nxd4 Nf6 5. Nc3 a6 6. g3 e5 7. Nb3 Be7 8. Bg2 0-0 9. 0-0 b5 10. a3 Bb7 11. Be3 Nbd7 12. Qe2 Qc7 13. Rad1 Rac8 14. Kh1 Nb6 15. Bc1 Nc4 16. Nd2 Nxa3 17. Nb3 b4 18. bxa3 bxc3 19. f3 a5 20. Be3 a4 21. Nc1 d5 22. exd5 Nxd5 23. Bg1 Bxa3 24. Nd3 Bd6 25. Ra1 a3 26. Rfb1 Ba6 27. Qe4 Bc5 28. Nc1 Nf6 29. Qe1 Bd6 30. Bb6 Qc6 31. Na2 0-1

[Event "SVK-chT2B 0809"]
[Site "Slovakia"]
[Date "2009.02.28"]
[Round "10.7"]
[White "Alexy, Peter"]
[Black "Voros, Gellert"]
[Result "1-0"]
[WhiteElo "1951"]
[BlackElo "1496"]
[PlyCount "43"]
[EventDate "2008.10.11"]
[EventType "team-tourn"]
[EventRounds "11"]
[EventCountry "SVK"]
[SourceTitle "EXT 2010"]
[Source "ChessBase"]
[SourceDate "2010.11.25"]
[SourceVersion "1"]
[SourceVersionDate "2010.11.25"]
[SourceQuality "1"]
[WhiteTeam "Partizanske SK Neomax"]
[BlackTeam "Komarno KSC II"]
[WhiteTeamCountry "SVK"]
[BlackTeamCountry "SVK"]

1. e4 Nc6 2. d4 e5 3. d5 Nce7 4. Nf3 Ng6 5. h4 h5 6. Be2 Be7 7. g3 Nf6 8. Nc3 d6 9. Ng5 Bg4 10. f3 Bd7 11. Be3 c6 12. Bd3 Qc7 13. Qd2 Nh7 14. 0-0-0 a6 15. f4 Nxg5 16. hxg5 exf4 17. gxf4 c5 18. e5 Bg4 19. Rdg1 0-0-0 20. e6 Bf8 21. Bxg6 fxg6 22. Rxg4 1-0

[Event "SVK-chT2B 0708"]
[Site "Slovakia"]
[Date "2008.03.08"]
[Round "10.3"]
[White "Alexy, Peter"]
[Black "Gyopos, Istvan"]
[Result "0-1"]
[WhiteElo "1934"]
[BlackElo "2059"]
[PlyCount "90"]
[EventDate "2007.10.06"]
[EventType "team-tourn"]
[EventRounds "11"]
[EventCountry "SVK"]
[SourceTitle "EXT 2010"]
[Source "ChessBase"]
[SourceDate "2010.11.25"]
[SourceVersion "1"]
[SourceVersionDate "2010.11.25"]
[SourceQuality "1"]
[WhiteTeam "Partizanske SK Neomax"]
[BlackTeam "Batorove Kosihy"]
[WhiteTeamCountry "SVK"]
[BlackTeamCountry "SVK"]

1. e4 e5 2. Nf3 Nc6 3. Bb5 Bc5 4. 0-0 d6 5. d4 exd4 6. Nxd4 Bd7 7. c3 Nf6 8. Bg5 0-0 9. Nxc6 bxc6 10. Bd3 h6 11. Bh4 g5 12. Bg3 Bg4 13. Qc2 Nh5 14. Kh1 Nf4 15. Bxf4 gxf4 16. f3 Be6 17. b4 Bb6 18. Nd2 d5 19. Nb3 Be3 20. Rad1 Qf6 21. Nd4 Bd7 22. exd5 cxd5 23. Bf5 Be6 24. Bh7+ Kh8 25. Nxe6 fxe6 26. Qg6 Qxg6 27. Bxg6 Kg7 28. Bc2 Rfd8 29. Rfe1 e5 30. Bb3 d4 31. cxd4 exd4 32. Bc4 Rd6 33. g3 Kf6 34. gxf4 Kf5 35. Bd3+ Kxf4 36. Be4 Rg8 37. Re2 d3 38. Rg2 Rxg2 39. Kxg2 d2 40. b5 Rd4 41. Kf1 Ra4 42. Ke2 Rxa2 43. Bd5 Ra3 44. Rb1 Rc3 45. Rd1 Rc5 0-1

[Event "SVK-chT2B 0607"]
[Site "Slovakia"]
[Date "2007.02.04"]
[Round "9.5"]
[White "Alexy, Peter"]
[Black "Kukel, Imre"]
[Result "0-1"]
[WhiteElo "1985"]
[BlackElo "1998"]
[PlyCount "90"]
[EventDate "2006.10.14"]
[EventType "team-tourn"]
[EventRounds "11"]
[EventCountry "SVK"]
[SourceTitle "EXT 2008"]
[Source "ChessBase"]
[SourceDate "2007.11.25"]
[SourceVersion "1"]
[SourceVersionDate "2007.11.25"]
[SourceQuality "1"]
[WhiteTeam "Partizanske"]
[BlackTeam "Komarno KSC"]
[WhiteTeamCountry "SVK"]
[BlackTeamCountry "SVK"]

1. e4 e6 2. d4 c5 3. c3 Qa5 4. Bd2 Qb6 5. Qb3 Qxb3 6. axb3 cxd4 7. cxd4 Nc6 8. Nf3 Nf6 9. Nc3 Bb4 10. Bd3 d6 11. 0-0 a6 12. e5 dxe5 13. dxe5 Nd7 14. Bf4 Nc5 15. Bc2 Bd7 16. Rfd1 Ke7 17. Na4 Nxa4 18. bxa4 Na5 19. Bg5+ Ke8 20. Rd3 Bc6 21. Rad1 Bd5 22. Nd4 Rc8 23. Rh3 h6 24. Bb1 Kd7 25. Be3 Nc4 26. Bc1 Nxe5 27. Nf5 Rhg8 28. Be4 Rc4 29. Bxd5 exd5 30. Ne3 Kc6 31. Nxc4 dxc4 32. Be3 Nd3 33. Rb1 Re8 34. Rg3 g6 35. Rg4 b5 36. axb5+ axb5 37. Rd4 Bc5 38. Rh4 h5 39. Bxc5 Kxc5 40. Rh3 Nxb2 41. Kf1 Nd3 42. Re3 Ra8 43. Rf3 Ra7 44. Ke2 b4 45. Re3 Ra2+ 0-1

[Event "SVK-chT2B 0607"]
[Site "Slovakia"]
[Date "2007.01.13"]
[Round "7.6"]
[White "Alexy, Peter"]
[Black "Vrbica, Ladislav"]
[Result "1/2-1/2"]
[WhiteElo "1985"]
[BlackElo "2034"]
[PlyCount "50"]
[EventDate "2006.10.14"]
[EventType "team-tourn"]
[EventRounds "11"]
[EventCountry "SVK"]
[SourceTitle "EXT 2008"]
[Source "ChessBase"]
[SourceDate "2007.11.25"]
[SourceVersion "1"]
[SourceVersionDate "2007.11.25"]
[SourceQuality "1"]
[WhiteTeam "Partizanske"]
[BlackTeam "Povazska Bystrica"]
[WhiteTeamCountry "SVK"]
[BlackTeamCountry "SVK"]

1. e4 c5 2. d4 cxd4 3. c3 dxc3 4. Nxc3 Nc6 5. Nf3 Nf6 6. Bc4 e6 7. e5 Ng4 8. Bf4 f6 9. exf6 Nxf6 10. Nb5 Bb4+ 11. Kf1 0-0 12. Bc7 Qe8 13. Nd6 Qh5 14. h3 Ba5 15. Bxa5 Nxa5 16. Be2 Qd5 17. Qxd5 Nxd5 18. Rc1 a6 19. g3 b5 20. Kg2 Bb7 21. Nxb7 Nxb7 22. Nd4 Rac8 23. Bf3 Nd6 24. Bxd5 exd5 25. Rhd1 Rxc1 1/2-1/2

[Event "SVK-chT2B 0506"]
[Site "Slovakia"]
[Date "2006.03.11"]
[Round "10.7"]
[White "Sajtlava, Igor"]
[Black "Alexy, Peter"]
[Result "1/2-1/2"]
[WhiteElo "1978"]
[BlackElo "1979"]
[PlyCount "116"]
[EventDate "2005.10.22"]
[EventType "team-tourn"]
[EventRounds "11"]
[EventCountry "SVK"]
[SourceTitle "EXT 2008"]
[Source "ChessBase"]
[SourceDate "2007.11.25"]
[SourceVersion "1"]
[SourceVersionDate "2007.11.25"]
[SourceQuality "1"]

1. c4 Nf6 2. d4 g6 3. Nc3 Bg7 4. e4 d6 5. f3 0-0 6. Be3 Nc6 7. Qd2 a6 8. Bd3 e5 9. Nge2 Nd7 10. d5 Nd4 11. Bc2 Nxc2+ 12. Qxc2 Nb6 13. b3 f5 14. Rc1 f4 15. Bxb6 cxb6 16. 0-0 b5 17. cxb5 axb5 18. Kh1 Bd7 19. b4 g5 20. h3 h5 21. Ng1 Rf6 22. Qf2 Rg6 23. Rc2 Rc8 24. Rfc1 g4 25. Nd1 Rxc2 26. Rxc2 Bf6 27. Qf1 Qe8 28. Nf2 g3 29. Nd3 Bd8 30. Ne1 Bb6 31. Nd3 Qd8 32. Nc1 Qa8 33. Qd3 Be3 34. Nce2 Rf6 35. Rc7 Rf7 36. Rc2 Rf8 37. Rc7 Rd8 38. Rc2 Bb6 39. Qd1 Qa3 40. Qe1 Ra8 41. Qc3 Qa4 42. Qb2 Qa3 43. Qxa3 Rxa3 44. Nc3 Kf7 45. Nge2 Kf6 46. Nc1 Kg5 47. Nb1 Ra4 48. a3 Kh4 49. Ne2 Ra8 50. Ng1 Bxg1 51. Kxg1 Bxh3 52. gxh3 Kxh3 53. Rc3 g2 54. Nd2 Kg3 55. Rc7 Rxa3 56. Rg7+ Kh3 57. Rxg2 Ra1+ 58. Nf1 Kh4 1/2-1/2

[Event "SVK-chT2B 0506"]
[Site "Slovakia"]
[Date "2006.01.15"]
[Round "7.7"]
[White "Stefanko, Ludovit"]
[Black "Alexy, Peter"]
[Result "0-1"]
[WhiteElo "1629"]
[BlackElo "1979"]
[PlyCount "96"]
[EventDate "2005.10.22"]
[EventType "team-tourn"]
[EventRounds "11"]
[EventCountry "SVK"]
[SourceTitle "EXT 2008"]
[Source "ChessBase"]
[SourceDate "2007.11.25"]
[SourceVersion "1"]
[SourceVersionDate "2007.11.25"]
[SourceQuality "1"]

1. e4 c5 2. Nc3 Nc6 3. g3 g6 4. d3 Bg7 5. Bg2 e6 6. f4 d6 7. Nf3 Nge7 8. 0-0 0-0 9. Be3 Rb8 10. a4 b6 11. Qd2 a6 12. h3 Qc7 13. g4 f5 14. exf5 gxf5 15. g5 e5 16. fxe5 dxe5 17. Nh2 Be6 18. Kh1 Nd4 19. h4 Rbd8 20. Qf2 Ng6 21. Rae1 f4 22. Bc1 Nf5 23. Ne4 Nfxh4 24. Nf3 Nxg2 25. Kxg2 Kf7 26. Rh1 Rh8 27. Rh2 Bf5 28. Reh1 Qc6 29. Qe2 c4 30. Bd2 Bxe4 31. dxe4 Qxa4 32. Bc3 Qc6 33. Rxh7 Rxh7 34. Rxh7 Kg8 35. Rh1 b5 36. Ba5 Rd7 37. Bc3 Qd6 38. Qf2 Qe6 39. Nh2 Bf8 40. Kf3 Rh7 41. Ke2 b4 42. Bd2 Qc6 43. Qg2 Nh4 44. Qf1 c3 45. bxc3 bxc3 46. Be1 Qxe4+ 47. Kd1 Rd7+ 48. Kc1 Ba3+ 0-1